Pohádka skladba pro nejmladší žactvo /

Hlavní autor: Šesták, Jaroslav, 1917-2003
Další autoři: Hostáň, Jan, 1898-1982, Kryštůfková, Marie
Jazyk: Čeština
Vydáno: Praha : Sportovní a turistické nakladatelství, 1958
Vydání: 1. vyd.
Edice: Sbírka hudebních doprovodů
Fyzický popis: 28 s.
Hudebniny Hudebniny
Uloženo v:
LEADER 01133ncm a22002892a 4500
001 001222216
003 CZ BrMZK
005 20190225121235.0
007 qu
008 120612s1958 xr |||||||||||||||||cze d
015 |a cnb001918783 
040 |a BOA001  |b cze 
072 7 |a 784  |x Vokální hudba  |2 Konspekt  |9 9 
100 1 |a Šesták, Jaroslav,  |d 1917-2003  |7 mzk2002113565  |4 cmp 
245 1 0 |a Pohádka  |h [hudebnina] :  |b skladba pro nejmladší žactvo /  |c Jaroslav Šesták ; verše: Jan Hostáň ; cvičení složila: Marie Kryštůfková 
250 |a 1. vyd. 
260 |a Praha :  |b Sportovní a turistické nakladatelství,  |c 1958 
300 |a 28 s. 
490 1 |a Sbírka hudebních doprovodů ;  |v sv. 1 
700 1 |a Hostáň, Jan,  |d 1898-1982  |7 jk01042385  |4 lyr 
700 1 |a Kryštůfková, Marie  |4 aut 
830 0 |a Sbírka hudebních doprovodů 
910 |a BOA001  |b Mus4-0403.615  |b X-0402.901 
990 |a MU 
991 |b 201206 
996 6 |b 2618973218  |c X-0402.901  |l MZK  |r Sklad / do 24 hodin  |n 0  |w 001256073  |u 000020  |a 1  |e BOA001  |j MZK50  |s P 
996 7 |b 2619620685  |c Mus4-0403.615  |l MZK  |r Sklad / do 1 hodiny  |n 0  |w 001256073  |u 000010  |a 1  |e BOA001  |j MZK50  |s A